000 00688cam a2200253 4500
008 000000n1999 000 0 eng u
020 _a0728203308
035 _a(Sirsi) u103761
041 _aeng
050 _a711.1
100 _aDenyer-Green, Barry P. D.
245 _aDevelopment and planning law
250 _a3rd
260 _aLondon
_bEstates Gazette
_c1999
300 _axlvi, 463p ; 22cm.
350 _a28.00
520 _aSuperceeded by 4th edition
650 _aTOWN AND COUNTRY PLANNING (USE CLASSES) ORDERS
650 _aPLANNING APPLICATIONS
650 _aCOMPENSATION
690 _aPlanning and development
_96259
700 _aUbhi, Navjit
942 _n0
999 _c100157
_d100157